• 首页
  • 本馆介绍
  • 公告通知
  • 最新文献
  • 馆藏检索
  • 电子资源
  • 读者导购
  • 参考咨询
  • 我的图书馆
  • 登录
  • 详细信息显示
  • 放入我的书架
  • 预约/预借图书
  • 作者相关作品
  • 分类相关作品
  • 丛书相关作品
  • 出版社相关作品

书目信息

  • 表格格式
  • 工作单格式
  • 卡片格式
题名:
中药学
    
 
作者: 黄斌 主编
分册:  
出版信息: 北京   中国医药科技出版社  2012
页数: 215页
开本: 23cm
丛书名: 图表解中医备考丛书
单 册:
中图分类: R28
科图分类:
主题词: 中药学--自学参考资料--考核 , 中药学
电子资源:
ISBN: 978-7-5067-5219-0
000 00895nam0 2200265 45
001 1354510296
005 20130510094249.18
010    @a978-7-5067-5219-0@dCNY25.00
100    @a20130108d2012 em y0chiy50 ea
101 0  @achi
102    @aCN@b110000
105    @ak z 000yy
106    @ar
200 1  @a中药学@AZhong Yao Xue@f黄斌主编@FHuang Bin Zhu Bian
210    @a北京@c中国医药科技出版社@d2012
215    @a215页@d23cm
225 1  @a图表解中医备考丛书@f翟双庆总主编
330    @a本书以图表的形式讲解了中药学的知识,内容涵盖解表药、清热药、泻下药、祛风湿药、化湿药、利水渗湿药、温里药、理气药、消食药、驱虫药、止血药、活血化瘀药等。
461  0 @12001 @a图表解中医备考丛书
606 0  @a中药学@j自学参考资料@x考核
606 0  @a中药学
690    @aR28@v5
701  0 @a黄斌@AHuang Bin@c(中医药副教授)@4主编
801    @aCN@bTANGWEI@c20130108
905    @b0830419-21@dR28@e302@f3
    
    中药学/黄斌主编.-北京:中国医药科技出版社,2012
    215页;23cm.-(图表解中医备考丛书/翟双庆总主编)
    
    
    ISBN 978-7-5067-5219-0:CNY25.00
    本书以图表的形式讲解了中药学的知识,内容涵盖解表药、清热药、泻下药、祛风湿药、化湿药、利水渗湿药、温里药、理气药、消食药、驱虫药、止血药、活血化瘀药等。
●
相关链接 在E读中查询图书 在五车中查询图书 在当当中查询图书 在豆瓣中查询图书


正题名:中药学     索取号:R28/302         预约/预借

序号 登录号 条形码 馆藏地/架位号 状态 备注
1 0830419   208304191   第二样本阅览室/ [索取号:R28/302] 在馆    
2 0830420   208304208   第三借阅区/ [索取号:R28/302] 在馆    
3 0830421   208304217   第三借阅区/ [索取号:R28/302] 在馆    
唐山师范学院图书馆 欢迎您!
大连网信软件有限公司© 版权所有